ბათუმის შოთა რუსთაველის სახელმწიფო უნივერსიტეტის ბიბლიოთეკა

Русская литература ХХ Века. (ბიბ.ჩანაწერი № 35175)

000 -LEADER
fixed length control field 00716nam a2200241Ia 4500
001 - CONTROL NUMBER
control field 1020
003 - CONTROL NUMBER IDENTIFIER
control field GE_BSU
008 - FIXED-LENGTH DATA ELEMENTS--GENERAL INFORMATION
fixed length control field 181216s||||||||xx |||||||||||||| ||und||
020 ## - INTERNATIONAL STANDARD BOOK NUMBER
International Standard Book Number 9785911341879
040 ## - CATALOGING SOURCE
Transcribing agency GE_BSU
080 ## - UNIVERSAL DECIMAL CLASSIFICATION NUMBER
Universal Decimal Classification number 821.161.1.09,,19
100 ## - MAIN ENTRY--PERSONAL NAME
Personal name Роговер,Е.С.
245 ## - TITLE STATEMENT
Title Русская литература ХХ Века.
245 ## - TITLE STATEMENT
Remainder of title Учебное пособие для студ.высш. педагогич. учеб.заведении.
250 ## - EDITION STATEMENT
Edition statement 2-е изд. доп. и перераб
260 ## - PUBLICATION, DISTRIBUTION, ETC.
Place of publication, distribution, etc. Москва
260 ## - PUBLICATION, DISTRIBUTION, ETC.
Name of publisher, distributor, etc. САГА-ФОРУМ
260 ## - PUBLICATION, DISTRIBUTION, ETC.
Date of publication, distribution, etc. 2010
300 ## - PHYSICAL DESCRIPTION
Extent 495 с.
653 ## - INDEX TERM--UNCONTROLLED
Uncontrolled term Русская литература
942 ## - ADDED ENTRY ELEMENTS (KOHA)
Koha item type წიგნი
ეგზემპლარები
Withdrawn status Lost status Damaged status Not for loan Date acquired Barcode Date last seen Price effective from Koha item type
        2018-12-17 1715 2018-12-17 2018-12-17 წიგნი